| 000 | 00345nam a2200133Ia 4500 | ||
|---|---|---|---|
| 999 |
_c17678 _d17678 |
||
| 082 | _aRR 423 OXF; | ||
| 245 | 0 | _aOxford elementary learner's dictionary of English | |
| 260 |
_aDelhi _bOxford University Press _c1981 |
||
| 300 | _a297p. | ||
| 504 | _aref | ||
| 650 | _aEnglish language - Dictionaries | ||
| 700 | _aBurridge, Shirley | ||
| 942 | _cBK | ||